000 00919nam a2200229 a 4500
001 000006790
005 20240411073959.0
008 090902s1995 dr a 000 0 spa d
040 _aDO-SdBNP
082 _a398.2097293
_bO96o
100 1 _aOviedo Canó, Tomás Alberto,
_d1921-
_918868
245 1 0 _aOcurrencias del maestro Camilo y otras leyendas y tradiciones azuanas /
_cTomás Alberto Oviedo Canó ; prólogo Manuel Mora Serrano.
260 _aSanto Domingo, :
_bBúho,
_c1995.
300 _a98 p. :
_bil. ;
_c22 cm.
500 _aIncluye datos biográficos del autor en la solapa y en la solapa de la contracubierta
504 _aIncluye referencias bibliográficas y notas al pie de las páginas
650 4 _aLeyendas dominicanas
_918869
650 0 _aCuentos dominicanos
_9176
650 4 _aLiteratura folklorica dominicana
_918870
700 1 _aMora Serrano, Manuel,
_c1933-
_epról.
_95162
049 _aBNPHU
999 _c6578
_d6578